000 00748nam a22002177a 4500
003 BUBTL
008 240211b ||||| |||| 00| 0 eng d
020 _a9788120330740
082 _a332/ K9601f/ 2010
100 _95665
_aKumar, S. S. S.
245 _aFinancial Derivatives /
_c S. S. S. Kumar
250 _a1st ed
260 _aDelhi :
_bPHI Learning Private Limited,
_cc2010
300 _axxiv, 401 p. :
_c23 cm.
500 _aIncludes references
505 _aFinancial Derivatives, Finance, An Introduction to Derivatives Markets, The Quantitative Foundations, Fundamentals of Financial Futures, Forward Rate Agreements
650 0 _918
_aFinance
856 _k0
_l0
_yDownload
942 _2ddc
_cBK
999 _c7212
_d7212